[Event "Moscow op-A"]
[Site "Moscow"]
[Date "2009.02.04"]
[Round "5"]
[White "Biryukov, Mikhail"]
[Black "Popilski, Mordechai"]
[Result "1-0"]
[WhiteElo "2257"]
[BlackElo "2010"]
[PlyCount "89"]
[EventDate "2009.01.31"]
[EventType "swiss"]
[EventRounds "9"]
[EventCountry "RUS"]
[SourceTitle "EXT 2022"]
[Source "ChessBase"]
[SourceDate "2021.10.06"]
[SourceVersion "1"]
[SourceVersionDate "2021.10.06"]
[SourceQuality "1"]

1. e4 d6 2. d4 Nf6 3. Nc3 g6 4. Be3 Bg7 5. f3 0-0 6. Qd2 e5 7. dxe5 dxe5 8. 0-0-0 Qxd2+ 9. Rxd2 Be6 10. Bb5 c6 11. Ba4 Nbd7 12. Bb3 Bxb3 13. axb3 Nb6 14. Nge2 Rfd8 15. Rhd1 Rxd2 16. Rxd2 Kf8 17. Kb1 Ke8 18. Na4 Nfd7 19. Nec3 Bf8 20. Nxb6 Nxb6 21. Na4 Nxa4 22. bxa4 b6 23. Ka2 Rd8 24. Rxd8+ Kxd8 25. Kb3 Kc7 26. Kc4 a6 27. Kd3 b5 28. b3 Be7 29. Bf2 f6 30. axb5 axb5 31. c4 bxc4+ 32. Kxc4 f5 33. Bc5 Bxc5 34. Kxc5 Kd7 35. b4 Kc7 36. b5 cxb5 37. Kxb5 Kd6 38. Kb6 Ke6 39. Kc6 Kf6 40. Kd6 h5 41. h4 fxe4 42. fxe4 g5 43. g3 gxh4 44. gxh4 Kf7 45. Kxe5 1-0